• 首页
  • 本馆介绍
  • 公告通知
  • 最新文献
  • 馆藏检索
  • 电子资源
  • 读者导购
  • 参考咨询
  • 我的图书馆
  • 登录
  • 详细信息显示
  • 放入我的书架
  • 预约/预借图书
  • 作者相关作品
  • 分类相关作品
  • 丛书相关作品
  • 出版社相关作品

书目信息

  • 表格格式
  • 工作单格式
  • 卡片格式
题名:
中西烹调技法于菜肴
    
 
作者: 潘胜林 主编
分册:  
出版信息: 成都   四川科学技术出版社  2019
页数: 161页
开本: 24cm
丛书名:
单 册:
中图分类: TS972.117 , TS972.118
科图分类:
主题词: 中式菜肴--烹饪 , 西式菜肴--烹饪
电子资源:
ISBN: 978-7-5364-9492-3
000 01038cam0 2200241 450
001 2376827432
005 20230923212033.10
010    @a978-7-5364-9492-3@dCNY38.00
100    @a20200408d2019 em y0chiy50 ea
101 0  @achi
102    @aCN@b510000
105    @aa z 000yy
200 1  @a中西烹调技法于菜肴@Azhong xi peng diao ji fa yu cai yao@f潘胜林主编
210    @a成都@c四川科学技术出版社@d2019
215    @a161页@c照片@d24cm
330    @a本书稿从理论和实用的角度出发,分门别类地讲解了中式凉菜的调味技法、中式热菜的烹制技术和西式烹调技法,详细解读了各种烹调技法的具体概念,并以具体菜式为例,将中式、西式烹调理论,技法与菜品实训操作相结合,从理论到实践很好地诠释了中国烹调技法的复杂多变以及与西式烹调方法的异同,为读者搭起学习中式和西式菜肴烹调技法的桥梁,读者可以通过阅读范例,融会贯通,掌握众多中西菜点的制作方法。
606 0  @a中式菜肴@x烹饪
606 0  @a西式菜肴@x烹饪
690    @aTS972.117@v5
690    @aTS972.118@v5
701  0 @a潘胜林@Apan sheng lin@4主编
801  0 @aCN@b安徽时代@c20230923
905    @aBZT@dTS972.117@e9
    
    中西烹调技法于菜肴/潘胜林主编.-成都:四川科学技术出版社,2019
    161页:照片;24cm
    
    
    ISBN 978-7-5364-9492-3:CNY38.00
    本书稿从理论和实用的角度出发,分门别类地讲解了中式凉菜的调味技法、中式热菜的烹制技术和西式烹调技法,详细解读了各种烹调技法的具体概念,并以具体菜式为例,将中式、西式烹调理论,技法与菜品实训操作相结合,从理论到实践很好地诠释了中国烹调技法的复杂多变以及与西式烹调方法的异同,为读者搭起学习中式和西式菜肴烹调技法的桥梁,读者可以通过阅读范例,融会贯通,掌握众多中西菜点的制作方法。
●
相关链接 在五车中查询图书 在当当中查询图书 在豆瓣中查询图书


正题名:中西烹调技法于菜肴     索取号:TS972.117/9         预约/预借

序号 登录号 条形码 馆藏地/架位号 状态 备注
1 2000925983   2000925983   第四书库/四28架A面6层2列/ [索取号:TS972.117/9] 在馆    
2 2000925984   2000925984   第四书库/四28架A面6层2列/ [索取号:TS972.117/9] 在馆    
3 2000925985   2000925985   第四书库/四28架A面6层2列/ [索取号:TS972.117/9] 在馆    
4 2000925986   2000925986   第四书库/四28架A面6层2列/ [索取号:TS972.117/9] 在馆    
5 2000925987   2000925987   第四书库/四28架A面6层2列/ [索取号:TS972.117/9] 在馆    
6 2000925988   2000925988   第四书库/四28架A面6层2列/ [索取号:TS972.117/9] 在馆    
山东省滨州职业学院图书馆 欢迎您!
大连网信软件有限公司© 版权所有